Μουσική

Saved in:
Bibliographic Details
Main Author: Weeks, Marcus
Format: Book
Language:Greek
English
Published: [Αθήνα] : Μοτίβο, [2009]
Subjects:
Tags: Add Tag
No Tags, Be the first to tag this record!

MARC

LEADER 00000cam a2200000 a 4500
001 1/124464
008 220302s2009####gr | ||| |||| ||gre||
020 |a 9789606610813 
040 |a GR-MyUa  |b gre  |c GR-MyUa  |e AACR2 
041 1 |a gre  |h eng 
082 7 |a 780   |2 (23) 
100 1 |a Weeks, Marcus. 
245 1 0 |a Μουσική /   |c Μάρκους Γουίκς ; μετάφραση: Βάσω Γκουγκούση, Ελένη Δρακούλη ; επιμέλεια: Σιλβί Ρηγοπούλου. 
260 |a [Αθήνα] :   |b Μοτίβο,   |c [2009] 
300 |a 144 σ. :   |b εικ. ;   |c 19 εκ. 
500 |a Τίτλος πρωτοτύπου: Music : a crash course. 
650 0 |a Music  |x History and criticism. 
970 |a Κοντού  |b Παρασκευή  |z 02/03/2022